000 01031 a2200229 4500
001 52957
005 20260407155803.0
008 260407a1999 arg spa d
003 AR-UNSa-BCEJYS
040 _aAR-UNSa-BCEJYS
_bspa
_cAR-UNSa-BCEJYS
080 _a504.03
_xAspectos sociales y socioeconómicos del impacto del hombre sobre el medio ambiente. Ecología social ( Economía ambiental)
245 1 0 _aEconomía del medio ambiente en América Latina
020 _a970-15-0144-9
264 1 _aMéxico :
_bAlfaomega Grupo Editor
_c1999
300 _a366 p.
_c23 cm.
505 _a1. Introducción - 2. Política ambiental y estrategia de desarrollo en economías abiertas - 3. Evaluación del impacto ambiental - 4. Regulaciones del medio ambiente - 5. Economía y desarrollo sustentable
041 _aspa
942 _cBK
590 _aniveau_biblio:m niveau_hierar:0
100 1 _aVaras Castellón, Juan Ignacio
856 4 1 _uhttps://www.biblioeco.unsa.edu.ar/pmb/images/libros/L128363.jpg
_yImagen de portada
_qimage/jpeg
999 _c5040
_d5040